000 00683nam a2200229 i 4500
001 64617
003 ES-MaACL
005 20230906165154.0
007 t|
008 031230s1956 sp ||||1| spa d
100 1 _aFord, Charles.
_951695
245 1 0 _aHistoria popular del cine /
_cCharles Ford ; [traducción directa del francés por Leoncio Sureda Guyto].
250 _a1ª ed.
260 _aBarcelona :
_bAHR,
_c[1956] (
_fEstampa)
300 _a366 p., [38] p. de lám. ;
_c21 cm.
490 1 _aAmanecer
650 4 _aCine-
_vHistoria.
_9171029
700 1 _aSureda, Leoncio.
_9108817
830 1 _aAmanecer
_9181036
852 _aES-MaACL
_jC-11848
999 _c64617
_d64617